| 000 | 00906ngm a2200325 a 4500 | ||
|---|---|---|---|
| 003 | BLK | ||
| 005 | 20240530124700.0 | ||
| 007 | m| caa|akaadaaaac | ||
| 008 | 180410b bul||n||s|||||||| mzbulo| | ||
| 010 | _aCDD00002241000 | ||
| 040 | _aBLK | ||
| 041 |
_aBUL _cBUL |
||
| 080 |
_aДокументални филми _b791.229 _z791.229 |
||
| 139 |
_aХрамовете на вечността [DVD] _bХ 73 |
||
| 245 | 1 | 0 | _aХрамовете на вечността [DVD] |
| 257 | _aBGR | ||
| 260 | _c2006 | ||
| 300 |
_a(50 мин.) _c12 см |
||
| 380 | _a7 | ||
| 490 | 1 |
_aТайни и загадки _v8 |
|
| 590 | _aS.N: 70316 от КНИГИ | ||
| 852 |
_aЦб CD 4793 _p0 |
||
| 856 | 4 |
_qpdf _u |
|
| 856 | 4 |
_qpdf _u |
|
| 942 |
_cCDD _n0 _02 _s1 |
||
| 944 |
_aCR _c29.12.2006 _k30560 _lГеновева Генчева |
||
| 944 |
_aED _c29.06.2011 |
||
| 999 |
_c219817 _d219817 |
||
| 999 | _d219817 | ||
| 999 | _d219817 | ||